[Event "EU-ch 9th"]
[Site "Plovdiv"]
[Date "2008.04.23"]
[Round "3"]
[White "Kapnisis, Spyridon"]
[Black "Marin, Mihail"]
[Result "1-0"]
[WhiteElo "2412"]
[BlackElo "2556"]
[Annotator "Marin,M"]
[PlyCount "169"]
[EventDate "2008.04.21"]
[EventType "swiss"]
[EventRounds "11"]
[EventCountry "BUL"]
[SourceTitle "CBM 124"]
[Source "ChessBase"]
[SourceDate "2008.05.28"]
[SourceVersion "1"]
[SourceVersionDate "2008.05.28"]
[SourceQuality "1"]

1. d4 Nf6 2. c4 g6 3. Nc3 d5 4. cxd5 Nxd5 5. e4 Nxc3 6. bxc3 Bg7 7. Bc4 O-O 8.
Ne2 Nc6 {In a super-analyzed opening like the Grünfeld, this is an attempt to
avoid long theoretical disputes.} 9. h4 {This is supposed to be the best
reaction against moves such as 8...b6 or 8...Qd7, which do not put immediate
pressure on the d4-square. However, this is not the case with 8...Nc6, which
casts some doubt about the viability of White's last move.} e5 $1 {Of course,
the best reaction against an attack on the wing is a counter-blow in the
centre.} ({However, in most games Black has played} 9... Na5 {Here are some
older games of the 10th World Champion:} 10. Bb3 ({In fact, I discarded 9...
Na5 because of the less sophisticated} 10. Bd3 {, when I was worried about a
line such us} c5 11. Be3 b6 12. O-O cxd4 13. cxd4 Bb7 14. Rc1 e6 15. Qd2 {
, unexpectedely transposing to the game Carlsen,M (2690)-Ivanchuk,V (2750)/
Morelia/Linares 2007/CBM 118/[Carlsen] (1-0, 35), where a different line had
been played. I knew about Black's problems in this type of positions because
some 2 decades ago I had played the main line with White myself!}) 10... c5 11.
h5 Nxb3 12. axb3 cxd4 13. cxd4 Bd7 ({An improvement over} 13... Bg4 {, which
provokes the generally useful} 14. f3 Bd7 15. hxg6 hxg6 16. Be3 Bb5 17. Nc3 Qd7
18. Qd2 Rac8 19. g4 $36 {Spassky,B-Suetin,A/Riga 1958/URS-ch (1-0, 53)}) 14.
hxg6 hxg6 15. Qd3 Qb6 16. Bd2 Rfc8 17. Ra5 a6 18. Rc5 Rxc5 19. dxc5 Qc7 20. Bc3
e5 $15 {Spassky,B-Stein,L/URS 1964/URS-ch (0-1, 33). Black has eliminated any
danger of an attack and has the pair of bishops. White's knight is quite
passive.}) 10. Be3 Qe7 $146 {[%csl Rc4,Re4][%cal Ge5d4] Black threatens ...
exd4, when, in the event of the generally desirable cxd4, the e4-pawn and the
c4-bishop would be hanging. Generally, it is not advisable to release the
tension too soon, but this may be an exception. The main thing is that,
against basically any move that parries the threats, Black would capture on d4
next anyway.} ({Therefore, the previously played} 10... exd4 {deserves serious
attention:} 11. cxd4 Qe7 (11... Na5 $6 {Botterill,G (2390)-Chandler,M (2380)/
London 1979/MCD (1/2-1/2, 32)} 12. Bd3 $1 c5 13. d5 $1 $44 {does not look like
a Grünfeld player's dream. The a1-rook does not deserve such a high price such
as giving up the g7-bishop and allowing White to build up such a strong centre.
}) 12. Qc2 (12. Bd3 $2 Nxd4 $1 $17 {Topalov,V (2460)-Genov,P (2300)/Bulgaria
1992/TD (1-0, 40)}) 12... Nb4 13. Qd2 (13. Qb1 c5 14. d5 $2 Bxa1 15. Qxa1 Nc2+
$19) 13... c5 14. f3 cxd4 15. Nxd4 Rd8 $15 16. O-O $6 (16. Rc1) 16... Be6 $1
17. Bxe6 fxe6 $17 18. Qb2 Qc5 (18... Nd3 $1 $19 19. Qc3 Nf4 20. Rae1 Rac8 21.
Qa1 Qxh4 $19) 19. Rfd1 Nc6 $17 {Kouatly,B (2340)-Chandler,M (2385)/Manila 1977/
EXT 2004 (0-1, 46)}) (10... b6 $6 {is too slow and justifies the advance of
the h-pawn.} 11. h5 Na5 12. Bd3 Bg4 13. f3 Be6 14. d5 Bd7 15. Qd2 $14 {Krush,I
(2465)-Petrosian,T (2477)/playchess.com INT 2004/CBM 100 ext (0-1, 39)}) 11. d5
({This is White's additional possibility after my move. However, it does not
offer him an advantage at all and he may be just struggling.} 11. Qc2 exd4 12.
cxd4 Qb4+ {would transpose above.}) 11... Na5 12. Bd3 f5 $132 {With his king
in the centre yet and the attack not really going, WHite faces some problems
despite his advantage in space.} 13. Qa4 (13. f3 $5) 13... b6 14. h5 f4 15. Bc1
Bd7 16. Bb5 Bxb5 17. Qxb5 {WHite has managed to provoke the generally
favourable exchange of the light-squared bishops, but with his poor
development this is a questionable achievement. Among other things, the
c4-square is vulnerable and the e2-knight rather passive.} c6 $1 18. Qd3 ({
Against} 18. dxc6 {I intended to play} Qe6 {although I considered several
other moves, too.} (18... Rac8) (18... Rfc8) (18... Rfd8 {[%csl Gd5]}) 19. Qd5
(19. Ba3 Rfd8 20. Bb4 Nxc6 $15) 19... Qxd5 20. exd5 Rfd8 21. hxg6 hxg6 22. Bxf4
(22. c4 Nxc4 23. Nc3 e4 $19) 22... exf4 23. O-O-O Be5 $15) (18. Qa4 cxd5 19.
hxg6 hxg6 20. Ba3 Qe8 $1 21. Qc2 Rf7 22. exd5 e4 $17) 18... g5 $1 {Ultimately
removing the possibility of an attack along the h-file.} (18... cxd5 $6 19.
hxg6 hxg6 20. Ba3 $1 Qxa3 $2 21. Qxd5+ Rf7 22. Qxa8+ $18) 19. a4 g4 {[%cal
Gf4f3]} 20. Ba3 c5 21. f3 Bf6 ({Maybe Black should have played} 21... Rad8 {
at once, but I discovered the idea of pinning the d-pawn only one move later.}
22. Qc2 (22. c4 Nc6 $1 $15) 22... Nc4 23. Bc1 Qg5 $36) 22. c4 {[%cal Ge2c3]}
Rad8 {[%cal Ga5c6,Gc6d4]} 23. Qc2 {Now, White cannot play Nc3 anymore.} Kh8 24.
O-O-O Rg8 $15 25. Ng1 (25. Kb1 gxf3 26. gxf3 Rg2 27. Rdg1 Rdg8 28. Rxg2 Rxg2
29. Rg1 Rxg1+ 30. Nxg1 Qf7 31. Qd3 Qe8 $1 32. Qc2 (32. d6 Qxa4 33. d7 Qb3+ $19)
32... Qxh5 $19) 25... Qd7 26. h6 $138 Qb7 ({Black could have converted his
obvious advantage into a devastating attack with} 26... a6 $1 $40 {[%cal Gb6b5]
, when the knight would have reached either c4 or d4 (via b3), while the enemy
king would have been in serious trouble.}) 27. Rd3 (27. Kb1 a6 $1) 27... Qa6 $2
{There is no clear idea behind this move. Starting with this moment, I played
without a clear plan and got into a passive position.} (27... a6 $1 $40) 28.
Rc3 g3 29. Ne2 Rg6 $6 (29... Rg5 $11) 30. Kb1 Nb7 31. Qb3 Nd6 32. Rcc1 Qb7 33.
Bb2 Qe7 34. Rh5 $14 Nf7 35. Rch1 Kg8 36. Nc1 Rd6 37. Nd3 Rd8 38. Bc3 Re8 39.
Qb2 Bg5 40. Kc2 Qd6 41. a5 Qe7 42. Qa3 Qd6 43. axb6 axb6 44. Qa4 Kf8 45. Qa1
Kg8 46. Qb2 Qe7 47. Ra1 Rxh6 48. Rxh6 Bxh6 49. Qxb6 Bf8 50. Ra7 Qd6 51. Qb5 Rb8
52. Qa4 Bg7 53. Ra6 Qc7 54. Re6 h5 55. Qa1 Qb7 56. Nxc5 Qc7 57. Rc6 Qe7 58. Ne6
$138 Qb7 $138 {We both had very little time left and I managed to set a small
trap...} 59. Nxg7 $2 Ra8 $1 60. Qb2 Qxb2+ 61. Kxb2 Kxg7 $13 62. Re6 $6 h4 63.
Bxe5+ Nxe5 64. Rxe5 h3 65. gxh3 Kh6 (65... Rg8 $1 66. d6 {(I stopped here with
my calculation)} (66. Rf5 $2 Kh6 67. Rxf4 Rg6 $19) 66... Kf6 $1 (66... g2 67.
Rg5+ Kf7 68. Rxg8 Kxg8 69. d7) 67. Rf5+ Ke6 68. d7 Kxd7 69. Rd5+ Ke7 70. Rd1
Rd8 71. Rg1 Rd3 {and White is in trouble.}) 66. Re6+ (66. h4 $1 Rg8 67. d6 g2
68. Rg5 Rxg5 69. hxg5+ Kh5 70. d7 g1=Q 71. d8=Q Qf2+ 72. Kc1 Qf1+ (72... Qxf3
73. Qd1) 73. Qd1 Qxc4+ 74. Kd2 $16) (66. Rf5 Rg8 (66... g2 67. Rxf4 g1=Q 68.
Rh4+ Kg5 69. Rg4+ Qxg4 70. hxg4 Kf4 71. Kc3) 67. Rxf4 Rg6 $1 (67... g2 68. Rh4+
)) 66... Kh5 67. Re5+ Kh4 (67... Kh6 68. h4 $1) 68. Re7 Rg8 69. Rh7+ Kg5 70.
Ra7 Kh4 71. Rh7+ Kg5 72. Ra7 Kh4 73. c5 $1 $18 g2 74. Ra1 Kg3 75. d6 Kxf3 76.
d7 Kxe4 77. c6 f3 78. c7 f2 79. d8=Q g1=Q 80. Qe7+ Kf3 81. Ra3+ Kg2 82. Qe4+
Kh2 83. Qf4+ Kh1 84. Ra1 Qe1 85. Qe4+ (85. Qxf2 $18) 1-0

[Event "EU-ch 4th"]
[Site "Istanbul"]
[Date "2003.05.30"]
[Round "1"]
[White "Arlandi, Ennio"]
[Black "Hracek, Zbynek"]
[Result "1-0"]
[WhiteElo "2456"]
[BlackElo "2584"]
[Annotator "Meyer,CD"]
[PlyCount "92"]
[EventDate "2003.05.30"]
[EventType "swiss"]
[EventRounds "13"]
[EventCountry "TUR"]
[SourceTitle "CBM 096"]
[Source "ChessBase"]
[SourceDate "2003.09.25"]
[SourceVersion "1"]
[SourceVersionDate "2003.09.25"]
[SourceQuality "1"]

1. d4 Nf6 2. c4 g6 3. Nc3 d5 4. cxd5 Nxd5 5. e4 Nxc3 6. bxc3 Bg7 7. Bc4 O-O 8.
Ne2 Nc6 {Krasenkow: 'Black delays ...c7-c5 in order to keep the idea ...e7-e5,
too.'} 9. O-O b6 10. Bg5 Qd7 11. Qd2 Bb7 12. f4 $6 {Ein Eigenprodukt? Eine
Empfehlung verdient dieser Grünfeld-Inder aber auch nicht, sofern man den
folgenden Informationen von ChessBase vertrauen kann:} (12. Bb5 $3 {[%mdl 8]
Krasenkow: 'A brilliant new idea. White provokes the weakening of Black's
queenside (...a7-a6) before his bishop retreats to d3.'  Provoziert eine
Schwächung des Damenflügels, bevor der Läufer nach d3 zurückkehrt.} a6 13. Bd3
e6 ({After} 13... e5 14. d5 Na5 15. c4 {the position of Black's knight is much
less solid than in the case his pawn were on a7. For instance,} c6 {doesn't
work now in view of} 16. Rab1 {[%csl Rb6]}) (13... Na5 14. Rab1 Bc6 15. Rfc1 e6
16. e5 f6 17. exf6 Bxf6 18. Bxf6 Rxf6 19. f3 b5 20. Qg5 Raf8 21. a4 Nc4 22.
axb5 axb5 23. Bxc4 bxc4 24. Ng3 Bd5 25. Re1 c5 26. dxc5 Qc7 27. Rb5 Bc6 28. Rb4
Bd5 29. Qe3 Rc8 30. Qf2 Rf4 31. Ne2 Rf6 32. Rb5 Bc6 33. Rb6 Bd5 34. Nd4 Qxc5
35. Nxe6 Qa5 36. Qd4 Re8 37. Rb8 Rxb8 38. Qxf6 Qb6+ 39. Kf1 Bxe6 40. Rxe6 Qb1+
41. Re1 Qd3+ 42. Kf2 Rf8 43. Qe5 Qd2+ 44. Re2 Qd3 45. Qe3 Rd8 46. Qe6+ Kg7 47.
Qe7+ Kg8 48. Re4 Qd2+ 49. Kg3 Rf8 50. Rd4 {1:0, A. Jussupow - S. Berndt,
Bundesliga 2001}) 14. e5 $1 {Returning to a usual plan including the kingside
attack by means of h2-h4-h5 or...} Na5 $2 (14... Ne7) 15. Ng3 c5 16. Nh5 $1 {
[%cal Rh5f6,Rh5g7] The point!} f6 (16... gxh5 17. Bf6 h6 18. Qf4 Qd5 19. f3 $18
) 17. Nxf6+ Bxf6 18. Bxf6 cxd4 19. cxd4 Qxd4 (19... Qd5 20. f3 Qxd4+ 21. Kh1 {
[%cal Rd2h6]} Rf7 22. Rfd1 $18) 20. Qh6 Rxf6 21. exf6 Qxf6 22. Rac1 Qf7 23. Qe3
b5 24. Qb6 Nc4 25. Bxc4 bxc4 26. Rxc4 Bd5 27. Rc7 Qf6 28. Rfc1 Qg5 29. f3 {
1:0, A. Lytchak - A. Lukin, St. Petersburg 1999, CBM 72/Krasenkow}) 12... Na5
13. Bd3 c5 14. Qe3 cxd4 15. cxd4 e6 (15... Rfd8) 16. Rad1 Rac8 17. Bb1 Ba6 18.
Rfe1 Qa4 19. Ng3 Nc4 20. Qb3 Qa5 21. e5 Nd2 22. Qb2 Nxb1 23. Qxb1 Bb7 24. Ne4
Bxe4 25. Qxe4 Rc4 26. Re2 Rfc8 $15 27. h3 b5 ({Zuverlässiger sind die weißen
Zentrumsbauern mit} 27... Qa4 $5 {zu kontrollieren, z.B.} 28. Red2 Qd7 (28...
Rc2 $6 29. Rxc2 Qxc2 30. Qxc2 Rxc2 31. d5 exd5 32. Rxd5 h6 33. Be7 Rxa2 34.
Rd8+ Kh7 35. Bd6 {/\Rd7=}) 29. Bf6 Bf8 $15) 28. Be7 b4 29. Kh2 Qb5 30. Qf3 Rc3
31. Re3 a5 32. Bc5 Rxe3 33. Qxe3 Bf8 (33... Qc4 $142) 34. Bxf8 Kxf8 {[#]} 35.
f5 $1 exf5 (35... gxf5 $6 36. d5 exd5 37. Qh6+ Ke8 (37... Kg8 $6 38. Qg5+ Kf8 {
/Kh8} 39. Qxf5 {->}) 38. e6) 36. d5 Qc5 37. Qf4 Qc2 38. Rd4 Qc1 ({Vom
Remiskurs nach} 38... Qxa2 39. Qh6+ Kg8 40. Rh4 Qxd5 41. Qxh7+ Kf8 42. Qh8+ Ke7
{und nun} {sondern} 43. Qxc8 ({nicht} 43. Qf6+ $2 Ke8 (43... Kd7 $4 44. Rd4
Qxd4 45. e6+ fxe6 46. Qxd4+) 44. Rd4 Qe6 45. Qh8+ Ke7 46. Qh4+ g5 47. Qxg5+ Kf8
48. Rd8+ Rxd8 49. Qxd8+ Kg7 50. Qxa5 b3) 43... Qxe5+ 44. g3 Qe2+ $11 {nahm
Schwarz Abstand.}) 39. Qh4 $5 ({Jetzt hält Weiß das Spiel kompliziert, während
eine friedliche Einigung durch} 39. Qxc1 Rxc1 40. d6 Ke8 41. Rd5 a4 42. Ra5 $11
{leicht zu erreichen war.}) 39... Qe3 40. Qf6 {[#]} Qxd4 $4 {Alles, nur das
nicht!} (40... Rc1 41. Qh8+ (41. Qd8+ $11) (41. Qd6+ $11) 41... Ke7 42. Qf6+ (
42. d6+ $4 Kd7 43. e6+ Qxe6 $19) 42... Ke8 43. Qh8+ $11) (40... Rc3 41. Rd1 (
41. Qh8+ Ke7 42. d6+ Kd7 43. Rd1 Qf4+ $11) 41... Qf4+ 42. Kg1 Rc1 $11) (40...
Kg8 41. e6 fxe6 42. dxe6 Rf8 43. Rd8 Qf4+ $11) 41. Qh8+ Ke7 42. d6+ Ke6 (42...
Kd7 $4 43. e6+ {/\ Qh8xd4}) 43. Qxc8+ {[#]} Kxe5 $2 {Verliert völlig die
Contenance.} ({In dieser jetzt problematischen Lage war allein} 43... Kd5 $8 {
zu versuchen, z.B.} 44. Qb7+ Ke6 (44... Kc4 $2 45. Qc7+ Kd3 46. d7 Qf4+ 47. Kg1
Qe3+ 48. Kh1 Qe1+ 49. Kh2 $18) (44... Kxe5 $2 45. Qe7+ Kd5 46. d7 Qf4+ 47. Kg1
Qc1+ 48. Kf2 Qd2+ (48... Qf4+ 49. Ke2 Qc4+ 50. Kf3 Qf1+ 51. Kg3 Qd3+ 52. Kh2
$18) 49. Kf3 Qd3+ 50. Qe3 Qf1+ 51. Kg3 f4+ 52. Qxf4 Qe1+ 53. Kh2 Qe7 54. Qc7
$18) 45. Qe7+ Kd5 46. Qxf7+ Ke4 47. Qb7+ Kd3 48. Qf3+ Kc4 49. Qc6+ Kd3 50. g3
$1 {und nun} Qxe5 (50... Qb2+ 51. Qg2 Qxe5 52. Qf1+ Kc2 53. Qc4+ Kb2 54. Qd3 $1
f4 (54... Qc3 55. Qd1 $18) 55. d7 fxg3+ 56. Kg2 $18) 51. Qf3+ Kc2 52. Qf2+ Kd1
(52... Kb1 53. Qd2 Qc3 54. Qd1+ Kxa2 55. d7 Qb2+ 56. Kh1 $18) 53. Qf1+ Kc2 54.
Qc4+ Kb2 55. Qb3+ Kc1 56. Qd3 Qf6 57. d7 Qd8 58. Qe3+ Kb1 59. Qe8 Qb6 60. Qa8
Qf2+ 61. Qg2 Qd4 62. Qg1+ $18) 44. d7 $18 Qf4+ 45. Kg1 Qe3+ 46. Kh1 Qd4 {
und wegen 47.d8Q gleichzeitig aufgegeben. Der verpatzte halbe Punkt sollte
Zbynek Hracek am Ende des Turniers bitter fehlen!} 1-0

[Event "ISR-ch"]
[Site "Ramat Aviv"]
[Date "1998.11.09"]
[Round "1.2"]
[White "Botvinnik, Ilia"]
[Black "Mikhalevski, Victor"]
[Result "1/2-1/2"]
[WhiteElo "2375"]
[BlackElo "2540"]
[Annotator "Mikhalevski,V"]
[PlyCount "47"]
[EventDate "1998.11.08"]
[EventType "k.o."]
[EventRounds "5"]
[EventCountry "ISR"]
[SourceTitle "CBM 068"]
[Source "ChessBase"]
[SourceDate "1999.02.01"]
[SourceVersion "1"]
[SourceVersionDate "1999.02.01"]
[SourceQuality "1"]

{[%mdl 4448]} 1. d4 Nf6 2. c4 g6 3. Nc3 d5 4. cxd5 Nxd5 5. e4 Nxc3 6. bxc3 Bg7
7. Bc4 c5 8. Ne2 Nc6 9. Be3 cxd4 10. cxd4 Qa5+ 11. Kf1 Bd7 {Dvoirys's idea.
Black is in a hurry to develop queen side pieces and leaves his king in the
centre for a while as after immediate 11...0-0 12.h4!? attacking castled king.}
(11... O-O {is the main line.}) 12. Rb1 $1 (12. h4 Rc8 (12... h5 13. Rb1 Nd8
14. Qd3 Rc8 15. f3 O-O 16. Kf2 $14 {1-0 Savchenko,S-Shmuter,L/Nikolaev 1993/
CBM 35 (36)}) 13. Rc1 O-O 14. h5 e6 15. hxg6 hxg6 16. Qd3 b5 $1 17. Bb3 Nb4 18.
Qd2 Rxc1+ 19. Nxc1 Nc6 20. Qd3 b4 21. Ne2 Rd8 22. Bh6 Bxd4 $1 $17 {0-1 Lputian,
S-Dvoirys,S/Simferopol 1988/CBM 11 (76)}) (12. Qb3 O-O 13. Qxb7 Rad8 14. Rd1
Qh5 {[n.r.]. 0-1 Dearing,E-Wapner,J/Herculane 1994/TD (14)}) 12... Rc8 13. f3
$1 $146 {[%cal Gf1f2][%mdl 8]} ({After} 13. Rxb7 {black gets sufficient
counterplay.} Nd8 14. Bd2 Qa3 $8 15. Rb4 (15. Bb4 $2 Qb2 16. Rxd7 Qxb4 $1) (15.
Rxd7 Rxc4 $1 16. Rd5 Qxa2 (16... e6 $5 17. Ra5 Qd3 $1) (16... Qd3 $4 17. Rxd8+
$1 Kxd8 18. Ba5+ $18) 17. Ra5 Qc2 18. Qxc2 Rxc2 19. Bc3 Nc6 20. Rc5 Nd8 $11)
15... O-O (15... a5 $6 16. Rb3 Qa4 (16... Qxa2 $4 17. Nc3 $18) 17. Ba6 (17. Bd3
) 17... Ra8 18. Bd3 O-O (18... Ne6) 19. Be3 Rc8 20. Qd2 $16 Ne6 21. e5 Nc7 22.
h4 Be6 23. Rb2 Rb8 24. Rxb8 Rxb8 25. Nc3 Qa3 26. h5 Nd5 27. Nb5 Qb4 28. hxg6
hxg6 29. Qxb4 Nxb4 30. Be2 Nxa2 31. f4 Bd7 32. Na3 Rb3 33. Nc2 Nb4 34. Nxb4
Rb1+ 35. Kf2 Rxh1 36. Nd5 e6 37. Nb6 Bc6 38. Nc4 a4 39. Na5 Bd5 {0-1 Pliester,
L-Alterman,B/Tilburg 1993/CBM 39 (39)}) 16. Qb3 Qxb3 17. Bxb3 a5 18. Rc4 Ne6 $1
$44 {0-1 Finegold,B-Vydeslaver,A/Biel 1993/TD (47)}) 13... Qa3 (13... O-O $2
14. Rxb7) (13... Nd8 $5) 14. Qd3 $1 Qxd3 15. Bxd3 $16 {Very unpleasant endgame.
Black has to choose between a rook ending without a pawn or to play 15...b6
weakening queen side.I had to make very important decision as this game could
become my last one in the championship.} Rc7 {I decided to go into the
above-mentioned endgame as I don't like move b7-b6 in such kind of positions.}
(15... b6 16. Ba6) (15... Nd8 16. Kf2 {[%cal Gh1c1]}) 16. Kf2 O-O 17. Rhc1 Rfc8
18. Bb5 $1 {[%cal Gd4d5] Otherwise black is OK.} a6 $1 {Only chance to escape.}
19. Bxc6 (19. Bf4 $6 axb5 (19... e5 20. Bxc6 Bxc6 {see 19.B:c6.}) 20. Bxc7 Rxc7
21. d5 Rc8 22. dxc6 bxc6 $132) 19... Bxc6 (19... bxc6 $6 {looks ugly.}) (19...
Rxc6 $5 20. Rxb7 (20. Rxc6 Bxc6 21. d5 Bb5) 20... Rxc1 21. Nxc1 Bb5 (21... Rc2+
22. Kg3 {[%csl Rg8]}) 22. Rxe7 Rc2+ (22... Bxd4 23. Bxd4 Rxc1 24. Rb7 $16) 23.
Kg3 Rc3 $1 24. Bf4 Bxd4 25. Nb3 Bf6 26. Rb7 $16) 20. Bf4 e5 $8 21. Bxe5 $2 (21.
dxe5 $142 Re7 (21... Rd7 $5) 22. Rc5 Rce8 23. Nd4 Bxe5 24. Nxc6 bxc6 25. Bxe5
Rxe5 26. Rxc6 Ra5 $16) 21... Bxe5 22. dxe5 Re7 23. Rc5 Rce8 24. Nd4 $14 {
White had to continue despite the mistake on the previous move.He is still
better and can go on without taking chances.} (24. Nd4 Rxe5 25. Rbc1 $14 Ba4
26. Rxe5 (26. Rc7 R5e7) 26... Rxe5 27. Rc7 (27. Rc8+ $5 Kg7 28. Rc7) 27... Ra5
28. Rxb7 Bb5 29. Kg3 Rxa2 30. Nxb5 axb5 31. Rxb5 {This variation proves that
white should continue.It's very possible that there are even better
possibilities.}) 1/2-1/2

[Event "Slavia Hradec Kralove-12 1977/78"]
[Site "Hradec Kralove"]
[Date "1978.01.05"]
[Round "11"]
[White "Moehring, Guenther"]
[Black "Pribyl, Josef"]
[Result "1/2-1/2"]
[WhiteElo "2405"]
[BlackElo "2455"]
[Annotator "Moehring,G"]
[PlyCount "170"]
[EventDate "1977.12.26"]
[EventType "tourn"]
[EventRounds "11"]
[EventCountry "CSR"]
[EventCategory "7"]
[SourceTitle "EXT 2007"]
[Source "ChessBase"]
[SourceDate "2006.11.23"]
[SourceVersion "1"]
[SourceVersionDate "2006.11.23"]
[SourceQuality "1"]

1. d4 Nf6 2. c4 g6 3. Nc3 d5 4. cxd5 Nxd5 5. e4 Nxc3 6. bxc3 Bg7 7. Bc4 O-O 8.
Ne2 Qd7 9. O-O b6 10. e5 Ba6 11. Bb3 Nc6 12. Re1 Kh8 13. e6 fxe6 14. Nf4 e5 15.
Nxg6+ hxg6 16. Re3 e6 17. Qg4 Rae8 18. Qxg6 Rf7 19. Ba3 Kg8 20. dxe5 Na5 21.
Rd1 Qc8 22. Bc2 c5 23. Bc1 Qc7 24. Rde1 (24. Rh3 Kf8 $8 25. Rd6 $18) 24... Nc6
$2 (24... Kf8 25. Rh3 Bxe5 26. Bh6+ Ke7 27. Bg5+ Kf8 (27... Kd6 28. Rd1+ Bd4
29. cxd4 $18) 28. Re4 Ree7 29. Reh4 Ke8 30. Rh7 $18) 25. Rh3 Kf8 26. Bh6 $18
Ne7 27. Qxe6 (27. Bxg7+ $1 Rxg7 28. Qf6+ Rf7 29. Qh6+ Rg7 30. Rf3+ Nf5 31. Bxf5
$18) 27... Ng8 28. Bxg7+ Rxg7 29. Rf3+ Rf7 30. Rxf7+ (30. Qxe8+ $1 Kxe8 31. Bg6
Bc4 32. e6 Ne7 33. Rxf7 Qd6 34. Bh5) 30... Qxf7 31. Qd6+ Qe7 32. Qg6 Qf7 33.
Qd6+ Qe7 34. Qg6 Qf7 35. Qxf7+ Kxf7 36. f4 Ne7 37. Rd1 Bc4 38. Bb3 Bxb3 39.
axb3 Nc6 40. Kf2 c4 41. bxc4 Rd8 42. Rxd8 Nxd8 43. c5 bxc5 44. Ke3 a5 45. Kd3
a4 46. Kc2 Ne6 47. g3 Nd4+ 48. Kb2 Ke6 49. Ka3 Nb5+ 50. Kxa4 Nxc3+ 51. Kb3 Ne4
52. Kc4 Nd2+ 53. Kxc5 Nf1 54. Kd4 Nxh2 55. Ke4 Ng4 56. f5+ Kf7 57. Kf4 Nf2 58.
g4 Nd3+ 59. Ke4 Nf2+ 60. Kf4 Nd3+ 61. Ke4 Nf2+ 62. Kf3 Nh3 63. Ke3 Ng5 64. Kd4
Ke8 65. Kd3 Kf7 66. Ke3 Nh3 67. Kf3 Ng5+ 68. Kg3 Kg7 69. Kf4 Nh3+ 70. Ke3 Kf7
71. Kd4 Ke7 72. Kd5 Nf4+ 73. Kc4 Nh3 74. Kd4 Ng5 75. Kd5 Nh7 76. Ke4 Ng5+ 77.
Kf4 Nh3+ 78. Kf3 Ng5+ 79. Kg3 Kf7 80. e6+ Kf6 81. Kh4 Ne4 82. Kh5 Nd6 83. Kh6
Ne8 84. Kh5 Nd6 85. Kh4 Ne4 1/2-1/2

[Event "Cappelle op 31st"]
[Site "Cappelle la Grande"]
[Date "2015.03.02"]
[Round "3"]
[White "Pacher, Milan"]
[Black "Kovchan, Alexander"]
[Result "0-1"]
[WhiteElo "2432"]
[BlackElo "2576"]
[Annotator "RR"]
[PlyCount "78"]
[EventDate "2015.02.28"]
[EventType "swiss"]
[EventRounds "9"]
[EventCountry "FRA"]
[SourceTitle "EXT 2016"]
[Source "ChessBase"]
[SourceDate "2015.10.08"]
[SourceVersion "1"]
[SourceVersionDate "2015.10.08"]
[SourceQuality "1"]

1. d4 Nf6 2. c4 g6 3. Nc3 d5 4. cxd5 Nxd5 5. e4 Nxc3 6. bxc3 Bg7 7. Bc4 Nd7 $5
{IL n'y a quasiment aucune partie avec ce coup. Nd7 soutient la poussée c5
tout en évitant une poussée éventuelle d4d5 mais il exerce moins de
pression sur le centre Blanc} (7... c5 8. Ne2 Nc6 9. Be3 O-O 10. O-O b6 11.
dxc5 Qc7 12. Nd4 Ne5 13. Nb5 Qb8 14. Be2 bxc5 15. f4 Ng4 16. Bxc5 a6 17. Na3
Qc7 18. Bd4 e5 19. fxe5 Nxe5 20. Qc1 Bg4 21. Bxg4 Nxg4 22. Qf4 Qxf4 23. Rxf4
Ne5 24. Rb1 Rad8 25. Nc2 Nc4 26. Rb4 Rc8 27. Ra4 Bxd4+ 28. Nxd4 Ne5 29. Rxa6
Rxc3 30. Rf1 Rc4 31. Nf3 Rxe4 {1/2-1/2 (31) Jakovenko,D (2733)-Svidler,P (2739)
Tbilisi 2015}) (7... O-O) 8. Ne2 Nf6 $146 (8... O-O 9. O-O Nb6 $6 {[%csl Rb6]}
10. Bb3 $14 {Abbasov,F (2538)-Rasulov,V (2483) Baku Solidarity Day 2010 (4.4)
1/2}) (8... c5 9. O-O e5 {Sulava,N (2484)-Buchicchio,G (2309) Pula op 27th
2013 (4) 0-1}) 9. f3 $14 O-O 10. O-O b6 11. a4 (11. Be3 {Plus souple} Bb7 12.
Qd2 c5 13. Rfd1 Rc8 14. Rac1 e6 {La position noire est assez passive}) 11...
Bb7 12. a5 c6 {Le signe que l'ouverture du GMI a mal tourné} 13. Qb3 (13. Rb1
b5 14. Ba3 Re8) (13. Be3 $142 $1 {Plus simple} b5 $6 14. a6 {[%csl Ra7]} Bc8
15. Bb3 $16 {[%csl Ra7,Ra8,Rc6,Rc8]}) 13... b5 14. e5 $6 (14. Bf4 $32 {[%csl
Rb8][%cal Gf1d1] Empêche les coups de développement Qc7 et Rb8 tout en
gardant la souplesse du centre Blanc}) 14... bxc4 15. Qxb7 Nd5 16. Rd1 (16.
Qxc6 Rc8 17. Qa4 Nxc3 $1 18. Nxc3 Qxd4+) 16... Qc8 17. Qxc8 (17. a6 $5 {
[%cal Ga1b1]}) 17... Rfxc8 18. Ra4 Rab8 $1 19. Rxc4 Rb1 $44 20. Ra4 c5 21. dxc5
e6 22. c4 Ne3 23. Rd3 Nc2 24. Kf2 Bxe5 $36 25. Bh6 Nb4 26. Rd7 Rb3 27. Nc1 Rb2+
28. Rd2 Rb1 29. Nd3 (29. Ne2 {[%csl Gd4]}) 29... Nxd3+ (29... Bd4+ 30. Ke2 Nxd3
31. Rxd3 Bxc5 {[%csl Gc5]}) 30. Rxd3 Bxh2 31. a6 Bg1+ $1 32. Kg3 Bxc5 33. Ra5
Bb6 $17 34. Rb5 Rh1 35. c5 $2 Bc7+ 36. Bf4 e5 $19 37. Rb7 exf4+ 38. Kf2 Ba5 39.
Rdd7 Rxc5 {Malgré cette défaite dans la ronde du matin, le slovaque va
réussir à rebondir ensuite pour réaliser une norme de GMI} 0-1